Elternurlaubsregelung im europäischen Vergleich: ein Beitrag zur Chancengleichheit?

Gespeichert in:
Bibliographische Detailangaben
1. Verfasser: Schiersmann, Christiane (VerfasserIn)
Dokumenttyp: Kapitel/Artikel
Sprache:Deutsch
Veröffentlicht: 1998
In: Beschäftigungsrisiko Erziehungsurlaub
Year: 1998, Pages: 133-155
Online-Zugang: Volltext
Verfasserangaben:Christiane Schiersmann

MARC

LEADER 00000caa a22000002c 4500
001 1521616396
003 DE-627
005 20220812102352.0
007 tu
008 151111s1998 xx ||||| 00| ||ger c
035 |a (DE-627)1521616396 
035 |a (DE-576)451616391 
035 |a (DE-599)BSZ451616391 
035 |a (OCoLC)1340717881 
040 |a DE-627  |b ger  |c DE-627  |e rakwb 
041 |a ger 
084 |a 22  |2 sdnb 
100 1 |a Schiersmann, Christiane  |d 1950-  |0 (DE-588)118067397  |0 (DE-627)079223338  |0 (DE-576)162906463  |4 aut 
245 1 0 |a Elternurlaubsregelung im europäischen Vergleich  |b ein Beitrag zur Chancengleichheit?  |c Christiane Schiersmann 
264 1 |c 1998 
300 |a 23 
336 |a Text  |b txt  |2 rdacontent 
337 |a ohne Hilfsmittel zu benutzen  |b n  |2 rdamedia 
338 |a Band  |b nc  |2 rdacarrier 
773 0 8 |i In  |a Gesellschaft für Informationstechnologie und Pädagogik  |t Beschäftigungsrisiko Erziehungsurlaub  |d Opladen [u.a.] : Westdt. Verl., 1998  |g (1998), Seite 133-155  |h 311 S  |w (DE-627)237633167  |w (DE-576)063551357  |z 3531131818  |z 3531131060  |7 nnam 
773 1 8 |g year:1998  |g pages:133-155  |g extent:23  |a Elternurlaubsregelung im europäischen Vergleich ein Beitrag zur Chancengleichheit? 
951 |a AR 
992 |a 20151111 
993 |a BookComponentPart 
994 |a 1998 
998 |g 118067397  |a Schiersmann, Christiane  |m 118067397:Schiersmann, Christiane  |d 100000  |d 100400  |e 100000PS118067397  |e 100400PS118067397  |k 0/100000/  |k 1/100000/100400/  |p 1  |x j  |y j 
999 |a KXP-PPN1521616396  |e 2872550135 
BIB |a Y 
JSO |a {"relHost":[{"disp":"Gesellschaft für Informationstechnologie und PädagogikBeschäftigungsrisiko Erziehungsurlaub","part":{"pages":"133-155","extent":"23","year":"1998","text":"(1998), Seite 133-155"},"physDesc":[{"noteIll":"Ill., graph. Darst","noteFormat":"23 cm","extent":"311 S"}],"name":{"displayForm":["Gesellschaft für Informationstechnologie und Pädagogik am IMBSE (Hrsg.). [Verantw.: Ulrich Rauter. Unter Mitarb. von Stefanie Krug]"]},"type":{"bibl":"book"},"language":["ger"],"person":[{"family":"Rauter","role":"edt","display":"Rauter, Ulrich","given":"Ulrich"},{"given":"Stefanie","display":"Krug, Stefanie","role":"oth","family":"Krug"}],"recId":"237633167","id":{"isbn":["3531131818","3531131060"],"eki":["237633167"]},"title":[{"subtitle":"die Bedeutung des \"Erziehungsurlaubs\" für die Entwicklung der Frauenerwerbstätigkeit","title_sort":"Beschäftigungsrisiko Erziehungsurlaub","title":"Beschäftigungsrisiko Erziehungsurlaub"}],"origin":[{"publisher":"Westdt. Verl.","publisherPlace":"Opladen [u.a.]","dateIssuedDisp":"1998","dateIssuedKey":"1998"}],"corporate":[{"display":"Gesellschaft für Informationstechnologie und Pädagogik","role":"aut"}]}],"title":[{"title":"Elternurlaubsregelung im europäischen Vergleich","title_sort":"Elternurlaubsregelung im europäischen Vergleich","subtitle":"ein Beitrag zur Chancengleichheit?"}],"origin":[{"dateIssuedKey":"1998","dateIssuedDisp":"1998"}],"physDesc":[{"extent":"23 S."}],"type":{"bibl":"chapter"},"name":{"displayForm":["Christiane Schiersmann"]},"recId":"1521616396","person":[{"family":"Schiersmann","role":"aut","given":"Christiane","display":"Schiersmann, Christiane"}],"language":["ger"],"id":{"eki":["1521616396"]}} 
SRT |a SCHIERSMANELTERNURLA1998